Recommended Data of Selected Compounds and Binary Mixtures /

Saved in:
Bibliographic Details
Main Authors: Stephan, Karl (Author), Hildwein, Helmut (Author)
Format: Book
Language:English
Published: Frankfurt : Dechema Gesellschaft für Chemische Technik und Biotechnologie e.V., 1987
Series:Chemistry Data Series Vol.IV, Parts 1+2
Tags: Add Tag
No Tags, Be the first to tag this record!

MARC

LEADER 00000nam a22000003a 4500
001 stu18216
005 20150617225756.3
008 920127s1987----gw------------------eng-d
020 |a 3-921 567-80-X 
040 |a STU  |b slo 
041 0 |a eng 
044 |a gw 
080 |a 541.121/.123 
100 1 |a Stephan, Karl  |4 aut 
245 1 |a Recommended Data of Selected Compounds and Binary Mixtures /  |c [aut.]Stephan,Karl, Hildwein,Helmut 
260 |a Frankfurt :  |b Dechema Gesellschaft für Chemische Technik und Biotechnologie e.V.,  |c 1987 
300 |a 50,661 s :  |b Tab.,grafy 
700 1 |a Hildwein, Helmut  |4 aut 
830 0 |a Chemistry Data Series  |v Vol.IV, Parts 1+2 
996 |b C88903  |c C*88903  |l CCXVIII  |s P  |a 0  |w stu18216_0001